Представление документа в формате RUSMARC

ПолеНазваниеЗначение
  Тип записи a
  Библиографический уровень m
001 Контрольный номер RU/SLIB/B/208707827
005 Дата корректировки 20241022084310.8
010 Индекс ISBN __
d Цена 4-10
101 Язык документа __
a Язык текста rus
c Язык оригинала rus
200 Заглавие и сведения об ответственности 0_
a Заглавие Флот и крепость. Избранное
f Первые сведения об ответственности С. Н. Сергеев-Ценский
b Общее обозначение материала Текст
210 Выходные данные __
a Место издания М.
c Издательство Современник
d Дата издания 1975
215 Физическое описание __
a Объем 462 с.
c Иллюстрации/тип воспроизводства ил.
225 Серия __
a Серия Классическая библиотека "Современника"
327 Примечание о содержании __
a Примечание о содержании Избранное
517 Другие варианты заглавия __
a Другие варианты заглавия Избранное
606 Тематические рубрики __
a Основная рубрика Художественная литература
606 Тематические рубрики __
a Основная рубрика Русская литература XX в. (произведения)
610 Ключевые слова __
a Ключевые слова проза; повести; рассказы
686 Индексы других классификаций __
2 Код системы rubbks
a Классификационный индекс 84(2Рос=Рус)6-4
700 Автор _1
a Фамилия Сергеев-Ценский
b Имя С. Н.
g Полное личное имя Сергей Николаевич
4 Код отношения 070
801 Источник записи _0
a Страна RU
b Организация Муниципальное бюджетное учреждение культуры "Централизованная библиотечная система" г. Сургут (Центральная городская библиотека им. А. С. Пушкина)
g Правила каталогизации ОБ/Бутенко
801 Источник записи _1
a Страна RU
b Организация Муниципальное бюджетное учреждение культуры "Централизованная библиотечная система" г. Сургут (Центральная городская библиотека им. А. С. Пушкина)
g Правила каталогизации ОБ/Бутенко
852 Данные о местонахождении __
j Шифр хранения 84(2Рос=Рус)6-4
c Каталожный индекс 84(2Рос=Рус)6-4
i Авторский знак С 32
p Инвентарный номер 75155
901 Тип документа __
t Тип документа m
903 Характеристики (МАРС) __
a Дата передачи 20000220
990 Данные о заказе (DOS) 00
j Количество экземпляров (DOS) 1
t N записи в КСУ для И/У (DOS) 200001